Teatro completo / (Record no. 187806)

MARC details
000 -LEADER
campo de control de longitud fija 00712nam a2200193 i 4500
001 - NÚMERO DE CONTROL
campo de control 187806
003 - IDENTIFICADOR DE NÚMERO DE CONTROL
campo de control ES-MaACL
005 - FECHA Y HORA DE LA ÚLTIMA TRANSACCIÓN
campo de control 20240416102842.0
008 - DATOS DE LONGITUD FIJA--INFORMACIÓN GENERAL
campo de control de longitud fija 180301s1959 sp |||| | spa d
100 1# - ENTRADA PRINCIPAL--NOMBRE DE PERSONA
Nombre de persona Chejov, Anton Pavlovich.
9 (RLIN) 38315
245 10 - MENCIÓN DEL TÍTULO
Título Teatro completo /
Mención de responsabilidad, etc. Anton Chejov ; versión directa del ruso por E. Podgursky ; adaptación... de "Platonov" por Salvador Bordoy ; prólogo de Jesús López Pacheco.
260 ## - PUBLICACIÓN, DISTRIBUCIÓN, ETC.
Lugar de publicación, distribución, etc. Madrid :
Nombre del editor, distribuidor, etc. Aguilar,
Fecha de publicación, distribución, etc. 1959.
300 ## - DESCRIPCIÓN FÍSICA
Extensión 1126 p., 1 lám. :
Otras características físicas il. ;
Dimensiones 14 cm.
700 0# - ENTRADA AGREGADA--NOMBRE PERSONAL
Nombre de persona Podgursky, E.
9 (RLIN) 92711
700 1# - ENTRADA AGREGADA--NOMBRE PERSONAL
Nombre de persona Bordoy Luque, Salvador.
9 (RLIN) 30424
700 1# - ENTRADA AGREGADA--NOMBRE PERSONAL
Nombre de persona López Pacheco, Jesús,
Fechas asociadas al nombre 1930-1997
9 (RLIN) 73855
852 ## - LOCALIZACIÓN
Ubicación ES-MaACL
Número de control de estantería P-156
Holdings
Estatus retirado Estado de pérdida Estado de daño No para préstamo Biblioteca de origen Biblioteca actual Ubicación en estantería Fecha de adquisición Fuente de adquisición Total de préstamos Signatura topográfica completa Código de barras Visto por última vez Precio de reemplazo Tipo de ítem Koha
        Biblioteca del Ateneo de Madrid Biblioteca del Ateneo de Madrid Depósito 2 01/03/2018     P-156 1198437 23/02/2023 23/02/2023 Libro impreso